000 01227nam2a2200277 4500
001 RU\NLR\bibl\1290637
005 20260406095129.0
010 _a978-5-17-052951-3
_bч. 1
010 _a978-5-271-20655-9
_bч. 1
_91400
021 _aRU
_b2008-73201
_94205
035 _a(NLR Aleph) 001276318
090 _a470851
_c470851
100 _a20081031d2008 |||y0rusy50 ca
101 0 _arus
102 _aRU
105 _aa |||||||||
200 0 _aЧ. 1
_fГ.Г. Ивченкова, И.В. Потапов
210 _d2008
_aБ. м.
215 _a158, [1] c.
_cцв. ил., карт.
461 0 _1001RU\NLR\bibl\1343860
_12001#$aОкружающий мир$vЧ. 1
_9788273
_aСаплина, Е. В. (1959-)
_cМосква
_d2008
_fЕ. В. Саплина, А. И. Саплин
_nАСТ [и др.]
_o4 класс : учебник для четырехлетней начальной школы : в 2 ч.
_tОкружающий мир
_y978-5-17-013890-6
_vЧ. 1
701 1 _4070
_8rus
_7ca
_aИвченкова
_bГ. Г.
_gГалина Григорьевна
_3RU\NLR\auth\7771269
_954197
801 0 _aRU
_bNLR
_c20081031
_gRCR
801 1 _aRU
_bNLR
_c20081031
942 _cBOOK
980 _aNB